Central Library OPAC University of Rajshahi

Psychology and the new education / (Record no. 43412)

MARC details
000 -LEADER
fixed length control field 00967nam a2200313 a 4500
001 - CONTROL NUMBER
control field 43412
003 - CONTROL NUMBER IDENTIFIER
rucl marc code BD-RjUL
005 - DATE AND TIME OF LATEST TRANSACTION
control field 20211209053708.0
008 - FIXED-LENGTH DATA ELEMENTS--GENERAL INFORMATION
fixed length control field 160621s19441933nyua b 001 0 eng
035 ## - SYSTEM CONTROL NUMBER
System control number (BD-RjUL)43530
System control number (OCoLC)16738045
040 ## - CATALOGING SOURCE
Original cataloging agency DLC
Transcribing agency OrPS
Modifying agency NcRS
-- DLC
-- BD-RjUL
Language of cataloging eng
041 ## - LANGUAGE CODE
Language code of text/sound track or separate title eng
051 ## - LIBRARY OF CONGRESS COPY, ISSUE, OFFPRINT STATEMENT
Classification number LB1051
Item number .P7 1944 Tests
082 ## - DEWEY DECIMAL CLASSIFICATION NUMBER
Classification number 370.15
Author mark and year PRP 1944
100 1# - MAIN ENTRY--PERSONAL NAME
Personal name Pressey, Sidney L
Fuller form of name (Sidney Leavitt)
Dates associated with a name 1888-1979.
9 (RLIN) 133319
245 10 - TITLE STATEMENT
Title Psychology and the new education /
Statement of responsibility, etc. Sidney L. Pressey
250 ## - EDITION STATEMENT
Edition statement Rev. ed.
260 ## - PUBLICATION, DISTRIBUTION, ETC. (IMPRINT)
Place of publication, distribution, etc. New York :
Name of publisher, distributor, etc. Harper,
Date of publication, distribution, etc. c1944
300 ## - PHYSICAL DESCRIPTION
Pagination xviii, 654 p. :
Illustrations ill. ;
Size 22 cm.
500 ## - GENERAL NOTE
General note Includes index
650 #0 - SUBJECT ADDED ENTRY--TOPICAL TERM
Topical term or geographic name as entry element Educational psychology.
9 (RLIN) 118078
Topical term or geographic name as entry element Child psychology.
9 (RLIN) 124587
700 1# - ADDED ENTRY--PERSONAL NAME
Personal name Robinson, Francis Pleasant
Dates associated with a name 1906-
Personal name Murphy, Gardner,
Dates associated with a name 1895-1979.
Personal name Hadley, L. S.
942 ## - ADDED ENTRY ELEMENTS (KOHA)
Source of classification or shelving scheme Dewey Decimal Classification
Koha item type Books
Holdings
Lost status Source of classification or shelving scheme Damaged status Not for loan Collection code Permanent Location Current Location Shelving location Date acquired Source of acquisition Total Checkouts Full call number Date last seen Copy number Koha item type
  Dewey Decimal Classification     Non-fiction Central Library, University of Rajshahi Central Library, University of Rajshahi   06/04/1962 Asia foundation   370.15 PRP 1944 21/06/2016 C-2 Books
  Dewey Decimal Classification     Non-fiction Central Library, University of Rajshahi Central Library, University of Rajshahi   06/04/1962 Asia foundation   370.15 PRP 1944 21/06/2016 C-3 Books